000 00357 a2200169 4500
001 192391
020 _a85-86105-05-8
040 _cMagnum
100 _aBorges, Helena Geruza
240 1 0 _aCriação
_lpor
245 1 0 _aCriação
300 _a24
362 0 _a1999
440 1 _aTerra Editoria
697 _aLITERATURA INFANTO-JUVENIL
942 _cBK
999 _c192391
_d192391